Penyiasat ekstrovert : merpati pelumba maraton

Bibliographic Details
Main Author: Mohamad Kholid Hamzah
Format: Book
Published: Kuala Lumpur : PTS One Sdn. Bhd. , 2009
Subjects:

MARC

LEADER 00000cam a2200000 7i4500
001 0000031510
005 20151222.0
008 120306
020 |a 9833654871 
090 0 0 |a AD   |b MAL 
100 1 |a Mohamad Kholid Hamzah 
245 1 0 |a Penyiasat ekstrovert :   |b merpati pelumba maraton   |c Mohamad Kholid Hamzah   |f Nuriazam Ismail 
260 |a Kuala Lumpur :   |b PTS One Sdn. Bhd. ,   |c 2009 
500 |a Children ages 10-12 years old (pink) 
650 0 |a Detective and mystery stories, Malay 
650 0 |a Malay fiction 
999 |a 0001142450   |b Book   |c Children Collection   |e Cawangan Urban Transformation Centre